000
00319nam a22001457a 4500
020
_a
978-9353166298
041
_a
ENG
100
_a
Subramanya.K
245
_a
Flow in Open Channels
250
_a
Second Edition
260
_a
New Delhi
_b
Tata McGraw Hill
_c
2000
300
_a
529
650
_a
IDE
856
_u
ICE ( 18 )
999
_c
1486
_d
1486